000 00778nam a22001337a 4500
040 _cRUA
082 _aAGR RIN 2013 B054 Or.1
100 _aRIN, SORIYA.
245 _aStorage conditions and its effect on amylose content and gelatinization temperature of three rice varieties IR 66 phka romdeng and car1 លក្ខខណ្ឌនៃការស្តុកទុក និងឥទ្ធិពលលើអាមីឡូស និងសីតុណ្ហភាពអន្ធិលកម្មនៃអង្ករអ៊ីអ៊ែរ ៦៦ ផ្ការំដេង និងខា១
260 _aPhnom Penh
_bRUA
_c2013
300 _aviii; 39p.
_bill.
_c29cm.
856 _uhttps://drive.google.com/file/d/1hK3IdxT3q2wkhveXLJZModUPEINuiK3C/view?usp=sharing
942 _cAGR
999 _c1255
_d1255